[Event "Titled Tue 1st Jul Late"]
[Site "chess.com INT"]
[Date "2025.07.01"]
[Round "8"]
[White "Milare, Tyron"]
[Black "Sailer, Mike"]
[Result "1-0"]
[WhiteTitle "FM"]
[WhiteElo "2248"]
[BlackElo "2108"]
[WhiteFideId "12987018"]
[BlackFideId "2012901"]
[EventDate "2025.07.01"]

1. d4 d5 2. Nf3 Nf6 3. g3 Bf5 4. Bg2 c6 5. O-O e6 6. c4 Be7 7. Qb3 Qb6 8. Nc3
O-O 9. Bg5 h6 10. Bf4 Nbd7 11. Ne5 Nxe5 12. Qxb6 axb6 13. dxe5 Nd7 14. e4 dxe4
15. Nxe4 Nc5 16. Nd6 Bxd6 17. exd6 Bd3 18. Rfc1 f6 19. b4 Nd7 20. c5 b5 21. Bh3
Kf7 22. Rd1 Bc4 23. a3 Rfd8 24. Rdc1 Bd5 25. Rd1 Nf8 26. Bc1 e5 27. Bb2 Ne6 28.
Rxd5 cxd5 29. Bg2 e4 30. f3 e3 31. Rd1 1-0

[Event "Titled Tue 1st Jul Late"]
[Site "chess.com INT"]
[Date "2025.07.01"]
[Round "8"]
[White "Mafra, Kaiser Luiz"]
[Black "Karas, Eugenia"]
[Result "0-1"]
[WhiteTitle "CM"]
[BlackTitle "WFM"]
[WhiteElo "2076"]
[BlackElo "2124"]
[WhiteFideId "2106698"]
[BlackFideId "463485"]
[EventDate "2025.07.01"]

1. d4 Nf6 2. Nc3 d5 3. Bf4 e6 4. e3 Bd6 5. Qf3 Bxf4 6. Qxf4 O-O 7. g4 b6 8. g5
Nfd7 9. h4 c5 10. Nf3 cxd4 11. exd4 Nc6 12. Bd3 e5 13. dxe5 Ndxe5 14. O-O-O Nxf3
15. Qxf3 Be6 16. Bb5 Qc7 17. Nxd5 Bxd5 18. Qxd5 Nb4 19. Qb3 Rac8 20. Rd2 Qf4 21.
Qe3 Qf5 22. Bd3 Nxa2+ 23. Kb1 Qa5 24. c3 Rfe8 25. Qd4 Nxc3+ 26. bxc3 Rxc3 27.
Rb2 Ra3 28. Rd1 Ra1+ 29. Kc2 Rc8+ 30. Bc4 Qa4+ 31. Rb3 Rxc4+ 0-1

[Event "Titled Tue 1st Jul Late"]
[Site "chess.com INT"]
[Date "2025.07.01"]
[Round "8"]
[White "Filippova, Margarita"]
[Black "Kracht, Raphael"]
[Result "0-1"]
[WhiteTitle "WFM"]
[BlackTitle "CM"]
[WhiteElo "2026"]
[BlackElo "2195"]
[WhiteFideId "34199680"]
[BlackFideId "16214382"]
[EventDate "2025.07.01"]

1. e4 e5 2. Nf3 Nc6 3. d4 exd4 4. c3 Nf6 5. e5 Nd5 6. cxd4 Bb4+ 7. Nbd2 d6 8. a3
Bxd2+ 9. Qxd2 O-O 10. h3 dxe5 11. dxe5 Nb6 12. Qxd8 Rxd8 13. Bb5 Bd7 14. Bg5 Re8
15. Bxc6 Bxc6 16. Bf4 Bxf3 17. gxf3 Nc4 18. O-O-O Nxe5 19. Bxe5 Rxe5 20. Rd7
Rc5+ 21. Kd2 g6 22. Re1 Rc8 23. Ree7 Rf5 24. Ke3 Kf8 25. f4 a6 26. h4 h5 27. a4
Rf6 28. a5 Rf5 29. b4 Re8 30. Rxe8+ Kxe8 31. Rxc7 Rb5 32. Rc4 Ke7 33. Ke4 Kf6
34. f3 Ke6 35. Ke3 Kd5 36. Rd4+ Kc6 37. Rc4+ Kd6 38. Rd4+ Rd5 39. Rc4 Rd1 40.
Rd4+ Rxd4 41. Kxd4 Ke6 42. Ke4 Kf6 43. Kd4 Kf5 44. Kc5 Kxf4 45. Kb6 g5 46. hxg5
h4 47. Kxb7 h3 48. Kxa6 h2 49. b5 h1=Q 50. b6 Qxf3 51. b7 Qd3+ 52. Ka7 Qd4+ 53.
Ka8 Qd5 54. a6 Qc6 55. a7 Qd5 56. g6 fxg6 57. Kb8 Qd8# 0-1

[Event "Titled Tue 1st Jul Late"]
[Site "chess.com INT"]
[Date "2025.07.01"]
[Round "8"]
[White "Kharitonov, Sergei"]
[Black "Stoica, Savas Marin"]
[Result "0-1"]
[WhiteTitle "CM"]
[WhiteElo "2014"]
[BlackElo "2092"]
[WhiteFideId "4129750"]
[BlackFideId "464309"]
[EventDate "2025.07.01"]

1. e4 c6 2. d3 d5 3. Nd2 g6 4. Ngf3 Bg7 5. g3 e5 6. Bg2 Ne7 7. O-O O-O 8. Re1
Nd7 9. c3 a5 10. a4 Re8 11. Qc2 Qc7 12. g4 Nc5 13. h3 Ne6 14. Nf1 Bd7 15. Be3 d4
16. Bd2 c5 17. Ng3 Qd6 18. Ne2 Rec8 19. Qb3 b6 20. Red1 dxc3 21. bxc3 Qxd3 22.
Ng3 Qd6 23. Bg5 Qc7 24. Bxe7 f6 25. Nf5 c4 26. Qa3 gxf5 27. exf5 Nf4 28. Bf1 Bc6
29. Nh4 Qb7 30. Bxc4+ Kh8 31. f3 Bxf3 0-1

[Event "Titled Tue 1st Jul Late"]
[Site "chess.com INT"]
[Date "2025.07.01"]
[Round "8"]
[White "Diano, Eden"]
[Black "Marichal Gonzalez, Ariel"]
[Result "1-0"]
[BlackTitle "IM"]
[WhiteElo "2086"]
[BlackElo "2268"]
[WhiteFideId "5203708"]
[BlackFideId "3503232"]
[EventDate "2025.07.01"]

1. d4 Nf6 2. c4 c5 3. d5 e6 4. Nc3 exd5 5. cxd5 d6 6. e4 g6 7. f4 Bg7 8. Nf3 O-O
9. Bd3 b5 10. Bxb5 Nxe4 11. Nxe4 Qa5+ 12. Kf2 Qxb5 13. Nxd6 Qb6 14. Nxc8 Rxc8
15. Re1 Nd7 16. Rb1 Rd8 17. Be3 Nf6 18. b4 Rxd5 19. bxc5 Ne4+ 20. Kg1 Qc6 21.
Qc2 Nxc5 22. Rec1 Rc8 23. Rb4 Qe6 24. Bf2 Rc7 25. Rc4 Bf8 26. Ng5 Qg4 27. h3 Qc8
28. Ne4 Nxe4 29. Rxc7 Qf5 30. Be3 Bd6 31. Rc8+ Kg7 32. Qc4 Rd1+ 33. Rxd1 Bxf4
34. Qd4+ 1-0

[Event "Titled Tue 1st Jul Late"]
[Site "chess.com INT"]
[Date "2025.07.01"]
[Round "8"]
[White "Terletsky, Oleg"]
[Black "Logvinov, Petro"]
[Result "1-0"]
[WhiteTitle "IM"]
[BlackTitle "FM"]
[WhiteElo "2160"]
[BlackElo "2190"]
[WhiteFideId "14116774"]
[BlackFideId "14176661"]
[EventDate "2025.07.01"]

1. e4 c5 2. Nf3 Nc6 3. d4 cxd4 4. Nxd4 Nf6 5. Nc3 e5 6. Ndb5 d6 7. Bg5 a6 8. Na3
b5 9. Nd5 Be7 10. Bxf6 Bxf6 11. c3 Bg5 12. Nc2 Rb8 13. Be2 O-O 14. O-O a5 15. a3
Be6 16. b4 f5 17. exf5 Bxf5 18. Bg4 Ne7 19. Nxe7+ Qxe7 20. bxa5 Be4 21. Nb4 Kh8
22. a4 Qb7 23. a6 Qa8 24. f3 Bg6 25. axb5 Rxb5 26. Qxd6 e4 27. fxe4 Rd8 28. Qc6
Qa7+ 29. Kh1 Rc5 30. Qb7 Qa8 31. Nd5 Be3 32. Qxa8 Rxa8 33. Bf3 Rxc3 34. Nxc3 1-0

[Event "Titled Tue 1st Jul Late"]
[Site "chess.com INT"]
[Date "2025.07.01"]
[Round "8"]
[White "Montano Vicente, Guadalupe"]
[Black "Vihaan Karthikeya N"]
[Result "0-1"]
[WhiteElo "1938"]
[BlackElo "2179"]
[WhiteFideId "5181399"]
[BlackFideId "25950673"]
[EventDate "2025.07.01"]

1. d4 d5 2. c4 e6 3. Nc3 Be7 4. Nf3 Nf6 5. cxd5 exd5 6. Bg5 O-O 7. e3 c6 8. Qc2
Bg4 9. Ne5 Nbd7 10. Bd3 h6 11. Bxf6 Nxf6 12. Nxg4 Nxg4 13. h3 Nf6 14. O-O Re8
15. a3 Bd6 16. b4 Bc7 17. b5 Qd6 18. g3 Nh5 19. Ne2 Rad8 20. bxc6 bxc6 21. Bf5
Nf6 22. Rac1 Qxa3 23. Qxc6 Bb6 24. Qc3 Qd6 25. Qc6 Qb8 26. Rb1 Ne4 27. Bxe4 dxe4
28. Nf4 Rc8 29. Qa4 Qd6 30. Rfc1 g5 31. Nh5 Qg6 32. g4 Qe6 33. Rxc8 Rxc8 34. Qa6
Rc2 35. Rf1 Qc8 36. Qb5 Qc6 37. Qe5 Qg6 38. Qe8+ Kh7 39. Qe7 Rc6 40. d5 Rd6 41.
Rd1 Bd8 42. Qe8 Bf6 43. Qf8 Rd7 44. d6 Bg7 0-1

[Event "Titled Tue 1st Jul Late"]
[Site "chess.com INT"]
[Date "2025.07.01"]
[Round "8"]
[White "Goncharov, Vladimir"]
[Black "Cruz Mendez, Jean Marco"]
[Result "0-1"]
[BlackTitle "FM"]
[WhiteElo "2077"]
[BlackElo "2222"]
[WhiteFideId "34162256"]
[BlackFideId "3526402"]
[EventDate "2025.07.01"]

1. d4 e6 2. c4 Nf6 3. Nf3 d5 4. g3 Be7 5. Bg2 O-O 6. O-O c6 7. Qc2 Nbd7 8. Nbd2
b6 9. e4 Ba6 10. e5 Ne8 11. Rd1 Rc8 12. b3 Nc7 13. Bb2 c5 14. cxd5 Nxd5 15. Qe4
cxd4 16. Bxd4 Nc5 17. Qg4 Be2 18. Re1 Bd3 19. Bxc5 Rxc5 20. Ne4 Rc2 21. Nd4 Nb4
22. a3 h5 23. Qf4 Bxe4 24. Bxe4 Bg5 25. Qf3 Qxd4 26. axb4 Rd2 27. b5 f5 28. Bc6
f4 29. Ra4 fxg3 30. Rxd4 gxf2+ 31. Qxf2 Rfxf2 32. Rxd2 Rxd2 33. Ra1 Be3+ 34. Kf1
Rxh2 35. Rxa7 h4 36. Re7 h3 37. Rxe6 Rf2+ 38. Ke1 h2 39. Rg6 Rc2 40. Bd5+ Kf8
41. Kd1 Rd2+ 0-1

[Event "Titled Tue 1st Jul Late"]
[Site "chess.com INT"]
[Date "2025.07.01"]
[Round "8"]
[White "Avalos Parra, Joao"]
[Black "Neklyudov, Viacheslav I."]
[Result "0-1"]
[WhiteTitle "FM"]
[BlackTitle "IM"]
[WhiteElo "2150"]
[BlackElo "2432"]
[WhiteFideId "3402541"]
[BlackFideId "4125703"]
[EventDate "2025.07.01"]

1. d4 f5 2. c4 Nf6 3. Bf4 e6 4. e3 b6 5. a3 Bb7 6. Nf3 d6 7. Nc3 Nbd7 8. h3 Qe7
9. Bh2 a6 10. Be2 g6 11. O-O Bg7 12. b4 O-O 13. Rc1 Ne4 14. Nd2 Nxd2 15. Qxd2 e5
16. Nd5 Qd8 17. dxe5 Nxe5 18. Rfd1 Kh8 19. Bf1 Nd7 20. Nf4 Qe8 21. Bg3 g5 22.
Nd5 Rc8 23. h4 gxh4 24. Bxh4 Qh5 25. Bg3 Qf7 26. Be2 Ne5 27. Nf4 Ng4 28. Bf3
Bxf3 29. gxf3 Ne5 30. Kg2 Nxc4 31. Qd3 Nb2 32. Qxa6 Nxd1 33. Rxd1 Be5 34. Rh1
Bxf4 35. Bxf4 Rg8+ 36. Kf1 Qf6 37. Qd3 Qa1+ 38. Ke2 Qxh1 39. Qxf5 Rcf8 40. Qe4
Rxf4 41. Qxf4 Qa1 42. a4 Qb2+ 43. Kd3 Qb3+ 44. Kd2 Qd5+ 45. Ke2 Qe5 46. Qc4 d5
47. Qc6 Qb2+ 48. Kd3 Qb3+ 49. Ke2 Qc4+ 0-1

[Event "Titled Tue 1st Jul Late"]
[Site "chess.com INT"]
[Date "2025.07.01"]
[Round "8"]
[White "Klepek, Witold"]
[Black "Vila Dupla, Aurelio"]
[Result "1-0"]
[WhiteTitle "CM"]
[BlackTitle "FM"]
[WhiteElo "2253"]
[BlackElo "2056"]
[WhiteFideId "1175068"]
[BlackFideId "2203383"]
[EventDate "2025.07.01"]

1. c4 Nf6 2. Nf3 g6 3. Nc3 Bg7 4. d4 d5 5. cxd5 Nxd5 6. e4 Nxc3 7. bxc3 c5 8.
Be3 Qa5 9. Qd2 O-O 10. Rb1 a6 11. Rc1 cxd4 12. cxd4 Qxd2+ 13. Kxd2 Rd8 14. d5 e6
15. Bb6 Re8 16. Bc4 Nd7 17. dxe6 fxe6 18. Bc7 b5 19. Bb3 Bb7 20. Ng5 Nf8 21. f3
h6 22. Nh3 g5 23. Nf2 a5 24. a4 b4 25. e5 Re7 26. Bd6 Rd7 27. Nd3 Bd5 28. Bxd5
exd5 29. Nc5 Rdd8 30. h4 Ng6 31. Nd3 Nxh4 32. Rh2 Ng6 33. Rc6 Nf4 34. Nxf4 gxf4
35. Rh4 Rac8 36. Rb6 Rc3 37. Rb7 Ra3 38. Rg4 Ra2+ 39. Kd3 Ra3+ 40. Kd4 Rxd6 41.
Rgxg7+ 1-0

[Event "Titled Tue 1st Jul Late"]
[Site "chess.com INT"]
[Date "2025.07.01"]
[Round "8"]
[White "Frischmann, Rick"]
[Black "Manvelyan, Mikayel"]
[Result "0-1"]
[WhiteTitle "FM"]
[BlackTitle "FM"]
[WhiteElo "2355"]
[BlackElo "2362"]
[WhiteFideId "24660752"]
[BlackFideId "13310143"]
[EventDate "2025.07.01"]

1. e4 c5 2. Nf3 Nc6 3. Bb5 Nf6 4. Bxc6 dxc6 5. d3 Qc7 6. Be3 e5 7. Nfd2 Be7 8.
h3 Nd7 9. a4 Nf8 10. a5 Ne6 11. Nc4 O-O 12. O-O Bd7 13. c3 b5 14. Ncd2 Rfd8 15.
Qc2 Nd4 16. cxd4 cxd4 17. Bxd4 exd4 18. Nb3 Qd6 19. Rc1 Qb4 20. Nc5 Be8 21. Na6
Qd6 22. b4 Bg5 23. Nd2 Bd7 24. Nc5 Rac8 25. Nb7 Qxb4 26. Nxd8 Bxd2 27. Rd1 Bc3
28. Rab1 Qxa5 29. Nb7 Qb6 30. Nd6 Rf8 31. e5 Qc5 32. Qe2 a5 33. Ne4 Qd5 34. Nxc3
dxc3 35. Qe4 Qxe4 36. dxe4 c2 37. Rbc1 cxd1=Q+ 38. Rxd1 Be6 0-1

[Event "Titled Tue 1st Jul Late"]
[Site "chess.com INT"]
[Date "2025.07.01"]
[Round "8"]
[White "Fadi, Marko"]
[Black "Mesquita, Eduardo Barbosa"]
[Result "1-0"]
[WhiteTitle "FM"]
[WhiteElo "2298"]
[BlackElo "2014"]
[WhiteFideId "10605371"]
[BlackFideId "22757163"]
[EventDate "2025.07.01"]

1. c4 e5 2. g3 Nf6 3. Bg2 Nc6 4. Nc3 Be7 5. d3 O-O 6. Nf3 d6 7. O-O h6 8. h3 Be6
9. e4 Qd7 10. Kh2 Rac8 11. Be3 Rfe8 12. Nd5 Bxd5 13. cxd5 Nd8 14. Qb3 c5 15. a4
b6 16. Qb5 Qc7 17. Rfc1 Nb7 18. Nd2 Ra8 19. Qa6 Nd7 20. b4 Nb8 21. Qc4 Nd7 22.
h4 a5 23. bxa5 Rxa5 24. Bh3 Rea8 25. Nb3 R5a6 26. Qb5 Nb8 27. Nd2 Bf6 28. Qe8+
Kh7 29. Qb5 Ra5 30. Qb3 b5 31. Rab1 b4 32. Ra1 Nd7 33. Qxb4 cxb4 34. Rxc7 Ndc5
35. Nc4 Rxa4 36. Rb1 Ra2 37. Rxf7 Kg8 38. Rc7 R8a7 39. Nxd6 Nxd6 40. Rxc5 R7a3
41. Rc6 1-0

[Event "Titled Tue 1st Jul Late"]
[Site "chess.com INT"]
[Date "2025.07.01"]
[Round "8"]
[White "Burovic, Rijad"]
[Black "Korchynskyi, Mykola"]
[Result "1-0"]
[WhiteTitle "IM"]
[BlackTitle "FM"]
[WhiteElo "2420"]
[BlackElo "2335"]
[WhiteFideId "14407701"]
[BlackFideId "34138005"]
[EventDate "2025.07.01"]

1. e4 e6 2. d3 d5 3. Nd2 Nf6 4. e5 Nfd7 5. f4 c5 6. Ndf3 Nc6 7. Nh3 b5 8. g3 Qb6
9. Bg2 Bb7 10. O-O Be7 11. Qe2 d4 12. f5 exf5 13. e6 fxe6 14. Nfg5 Bxg5 15. Nxg5
O-O-O 16. Nf7 Rhe8 17. Nxd8 Qxd8 18. c3 g6 19. a4 b4 20. cxb4 Nxb4 21. Bxb7+
Kxb7 22. a5 e5 23. Bd2 Nd5 24. b4 e4 25. dxe4 fxe4 26. Qb5+ Kc7 27. Rf7 Re7 28.
Bg5 Nc3 29. Qc4 Ne5 30. Qxc5+ Kb8 31. Bxe7 Nf3+ 32. Kh1 Qe8 33. Bd6+ Ka8 34. Rf8
Qxf8 35. Bxf8 e3 36. Qc6+ Kb8 37. Bd6# 1-0

[Event "Titled Tue 1st Jul Late"]
[Site "chess.com INT"]
[Date "2025.07.01"]
[Round "8"]
[White "Dyachuk, Artem"]
[Black "Sargsyan, Shant"]
[Result "0-1"]
[WhiteTitle "FM"]
[BlackTitle "GM"]
[WhiteElo "2374"]
[BlackElo "2669"]
[WhiteFideId "34107924"]
[BlackFideId "13306766"]
[EventDate "2025.07.01"]

1. e4 g6 2. d4 Nf6 3. e5 Nh5 4. Nf3 d6 5. h3 dxe5 6. Nxe5 Bg7 7. Nf3 Nc6 8. Be3
e5 9. d5 e4 10. dxc6 Qxd1+ 11. Kxd1 exf3 12. Nc3 O-O 13. gxf3 bxc6 14. Bd3 Rb8
15. Kc1 a5 16. a4 Be6 17. Be4 Bd5 18. Bxd5 cxd5 19. Rd1 Rfd8 20. Bd4 c6 21. Bxg7
Kxg7 22. Rd4 Nf6 23. b3 c5 24. Rd2 Rb4 25. Kb2 Rh4 26. Rh1 d4 27. Ne2 Re8 28.
Nc1 Rb8 29. Ka3 c4 30. bxc4 Rf4 31. Rd3 Nd7 32. Nb3 Ne5 33. Rxd4 Rxf3 34. Re1
Nc6 35. Rd2 Rxh3 36. Re4 h5 37. c5 Nb4 38. Re3 Rh1 39. Nxa5 Ra1+ 40. Kb2 Rxa4
41. Nb3 h4 42. Rd4 g5 43. c6 Rc8 44. Ree4 Ra2+ 45. Kb1 Rxc2 46. Rxb4 R8xc6 47.
Nd4 Rc1+ 48. Kb2 Rc8 49. Nf5+ Kf6 50. Ne3 Kg6 51. Rb5 f6 52. Re6 R1c6 53. Re7
R8c7 54. Re8 h3 55. Rg8+ Rg7 56. Rh8 Rh7 57. Rxh7 Kxh7 58. Ra5 Kg6 59. Ra1 f5
60. Rh1 g4 61. Nc2 Kg5 62. Kc1 Kf4 63. Kd2 Rc8 64. Ra1 Kf3 65. Ra4 Rxc2+ 66.
Kxc2 h2 67. Ra1 Kxf2 68. Kd3 g3 69. Kd4 g2 70. Ra2+ Kg3 71. Ra3+ Kg4 72. Ra1
g1=Q+ 73. Rxg1+ hxg1=Q+ 0-1

[Event "Titled Tue 1st Jul Late"]
[Site "chess.com INT"]
[Date "2025.07.01"]
[Round "8"]
[White "Al Busaidi, Hamood"]
[Black "Brancaleoni, Maurizio"]
[Result "0-1"]
[WhiteTitle "CM"]
[BlackTitle "FM"]
[WhiteElo "2028"]
[BlackElo "2185"]
[WhiteFideId "22006230"]
[BlackFideId "803022"]
[EventDate "2025.07.01"]

1. e4 c6 2. d4 d5 3. c4 dxe4 4. Nc3 Nf6 5. h3 Bf5 6. g4 Bg6 7. g5 Nfd7 8. h4 h5
9. gxh6 gxh6 10. h5 Bh7 11. Bg2 Nf6 12. Nge2 Nbd7 13. Ng3 Qa5 14. Bd2 Qb6 15. c5
Qc7 16. Ngxe4 Nxe4 17. Bxe4 Nf6 18. Bxh7 Rxh7 19. Qf3 O-O-O 20. Bf4 Qd7 21.
O-O-O Qg4 22. Qxg4+ Nxg4 23. Bg3 Bg7 24. Ne2 Nf6 25. Be5 Nd5 26. a3 Bxe5 27.
dxe5 Rg7 28. Rhg1 Rdg8 29. Rg3 Kd7 30. Rdg1 Rxg3 31. Rxg3 Rxg3 32. fxg3 Ke6 33.
Kd2 Kxe5 34. Kd3 f5 35. b4 f4 36. g4 f3 37. Nd4 Kf4 38. Kd2 Kxg4 39. Ke1 Kxh5
40. Kf2 Kg4 41. Nxf3 Kf4 42. Nh4 Ke4 43. Ke2 Kd4 44. Kd2 Kc4 45. Kc2 Ne3+ 46.
Kb2 e5 47. Ng6 Ng4 48. Kc2 h5 49. Nh4 e4 50. Ng6 Kd4 51. Kd2 Ne5 52. Nf4 Nc4+
53. Ke2 Nxa3 54. Nxh5 Nc2 55. Nf6 Nxb4 56. Ne8 Nd3 0-1

[Event "Titled Tue 1st Jul Late"]
[Site "chess.com INT"]
[Date "2025.07.01"]
[Round "8"]
[White "Bacrot, Etienne"]
[Black "Deac, Bogdan-Daniel"]
[Result "0-1"]
[WhiteTitle "GM"]
[BlackTitle "GM"]
[WhiteElo "2633"]
[BlackElo "2674"]
[WhiteFideId "605506"]
[BlackFideId "1226380"]
[EventDate "2025.07.01"]

1. e4 e5 2. Nf3 Nc6 3. Bb5 a6 4. Ba4 Nf6 5. O-O Bc5 6. c3 b5 7. Bc2 d5 8. d4
dxe4 9. dxc5 Qxd1 10. Bxd1 exf3 11. Bxf3 e4 12. Be2 Bg4 13. f3 exf3 14. gxf3 Bh3
15. Re1 O-O 16. Bf4 Rfc8 17. Nd2 Nh5 18. Be3 Ne7 19. a4 c6 20. axb5 axb5 21. Ne4
Nd5 22. Kf2 Nhf4 23. Nd6 Rd8 24. Bd4 Nxe2 25. Rxa8 Rxa8 26. Rxe2 f6 27. Kg3 Bd7
28. c4 bxc4 29. Nxc4 Ra4 30. b3 Rb4 31. Rb2 Be6 32. Bf2 h5 33. h4 Ne7 34. Re2
Nf5+ 35. Kf4 Bxc4 36. bxc4 g6 37. Re4 Kf7 38. Be1 Rb3 39. Re2 Rd3 40. Re4 Nd4
41. Re3 Ne6+ 42. Ke4 Rd4# 0-1

[Event "Titled Tue 1st Jul Late"]
[Site "chess.com INT"]
[Date "2025.07.01"]
[Round "8"]
[White "Pakleza, Zbigniew"]
[Black "Hernandez Bermudez, Ulises Eduardo"]
[Result "1-0"]
[WhiteTitle "GM"]
[WhiteElo "2484"]
[BlackElo "2042"]
[WhiteFideId "1119290"]
[BlackFideId "3902510"]
[EventDate "2025.07.01"]

1. d4 Nf6 2. Nf3 g6 3. Bf4 Bg7 4. e3 O-O 5. h3 d6 6. Be2 Nc6 7. O-O e5 8. Bh2
Ne4 9. Nbd2 Nxd2 10. Qxd2 f5 11. Rfd1 e4 12. Ne1 Kh8 13. c4 Qf6 14. Rac1 g5 15.
f4 gxf4 16. Bxf4 Bd7 17. g3 Bh6 18. Ng2 Rg8 19. Kh2 Qg6 20. Rg1 Rg7 21. Rcf1
Rag8 22. Qe1 Ne7 23. b4 Bg5 24. h4 Qh6 25. Bxg5 Rxg5 26. Nf4 Ng6 27. Nh3 Nxh4
28. gxh4 Rxg1 29. Rxg1 Rxg1 30. Qxg1 Qxh4 31. Qg5 Qxg5 32. Nxg5 Kg7 33. Kg3 h6
34. Nh3 Ba4 35. Kf4 Kf6 36. Nf2 Bc2 37. c5 b6 38. cxd6 cxd6 39. Nh1 a5 40. bxa5
bxa5 41. Ng3 a4 42. a3 Bb3 43. Nxf5 Be6 44. Nxd6 1-0

[Event "Titled Tue 1st Jul Late"]
[Site "chess.com INT"]
[Date "2025.07.01"]
[Round "8"]
[White "Foldes, Marton Gabor"]
[Black "Mecit, Emre"]
[Result "1-0"]
[WhiteTitle "FM"]
[WhiteElo "2295"]
[BlackElo "2007"]
[WhiteFideId "794708"]
[BlackFideId "6304214"]
[EventDate "2025.07.01"]

1. Nf3 Nf6 2. g3 g6 3. Bg2 Bg7 4. O-O O-O 5. d4 c5 6. dxc5 Na6 7. Be3 Qc7 8. Nc3
Nxc5 9. Nb5 Qb6 10. a4 a6 11. b4 axb5 12. Bxc5 Qd8 13. axb5 Rxa1 14. Qxa1 d6 15.
Bd4 Bf5 16. c4 Qd7 17. Rc1 Rc8 18. Nd2 e5 19. Bb2 Be6 20. Qa7 d5 21. Bxe5 dxc4
22. Qd4 Qxd4 23. Bxd4 Nd5 24. Bxg7 Kxg7 25. Rxc4 Rxc4 26. Nxc4 Nxb4 27. Nb6 Nc2
28. Bxb7 Nd4 29. Bc6 Nxe2+ 30. Kf1 Nd4 31. Na4 Nxc6 32. bxc6 Kf6 33. Nb6 Ke7 34.
c7 Bh3+ 35. Ke2 Kd6 36. c8=Q Bxc8 37. Nxc8+ Ke5 38. Nb6 Kf5 39. Kf3 Kg5 40. Nd5
f5 41. h4+ Kh5 42. Nf6+ Kh6 43. Kf4 Kg7 44. Ke5 h6 45. Ne8+ Kf7 46. Nd6+ Kg7 47.
Nxf5+ gxf5 48. Kxf5 Kh7 49. Kf6 1-0

[Event "Titled Tue 1st Jul Late"]
[Site "chess.com INT"]
[Date "2025.07.01"]
[Round "8"]
[White "Simonovic, Miroslav"]
[Black "Alvarado, Carlos"]
[Result "0-1"]
[WhiteTitle "CM"]
[BlackTitle "CM"]
[WhiteElo "2092"]
[BlackElo "2032"]
[WhiteFideId "919152"]
[BlackFideId "3800555"]
[EventDate "2025.07.01"]

1. d4 b6 2. Bg5 Bb7 3. e3 h6 4. Bh4 g5 5. Bg3 Bg7 6. c4 d6 7. Nc3 e6 8. f3 Ne7
9. Bd3 Nd7 10. Nge2 O-O 11. Bc2 Nf5 12. Qd3 Re8 13. O-O-O a6 14. h4 gxh4 15. Bf2
b5 16. e4 bxc4 17. Qxc4 Nb6 18. Qd3 Ng3 19. Nxg3 hxg3 20. Bxg3 e5 21. Bh4 Qd7
22. dxe5 Rxe5 23. f4 Rc5 24. e5 Qg4 25. Qh7+ Kf8 26. Bf6 Qxf4+ 27. Kb1 Bxf6 28.
exf6 Qxf6 29. Rxh6 Qg7 30. Rf1 Re8 31. Bg6 Re7 32. Bc2 Nc4 33. Rfh1 Ne3 34. Bd3
Qxh7 35. Rxh7 Ree5 36. Rh8+ Ke7 37. Rb8 Bc6 38. Rh7 Nd5 39. Nxd5+ Bxd5 40. Bg6
a5 41. Bh5 Be6 42. Rb7 Rxh5 0-1

[Event "Titled Tue 1st Jul Late"]
[Site "chess.com INT"]
[Date "2025.07.01"]
[Round "8"]
[White "Lizak, Jakub"]
[Black "Assylov, Miras"]
[Result "0-1"]
[WhiteTitle "CM"]
[BlackTitle "FM"]
[WhiteElo "2219"]
[BlackElo "2319"]
[WhiteFideId "1158520"]
[BlackFideId "13728873"]
[EventDate "2025.07.01"]

1. e4 Nc6 2. Nf3 d6 3. d4 Bg4 4. Bb5 a6 5. Bxc6+ bxc6 6. O-O g6 7. h3 Bd7 8. Re1
Bg7 9. Nc3 Nf6 10. e5 Nd5 11. Ne4 O-O 12. c4 Nb6 13. b3 d5 14. cxd5 cxd5 15. Nc5
Bf5 16. a4 Nd7 17. Ba3 Nxc5 18. Bxc5 Re8 19. Re3 Bh6 20. Rc3 Qd7 21. g4 Be4 22.
Nd2 f6 23. f3 fxe5 24. fxe4 exd4 25. Bxd4 e5 26. Bf2 d4 27. Rf3 Rf8 28. Kg2 Rxf3
29. Qxf3 Bxd2 30. Rd1 Bf4 31. Bxd4 Rd8 32. Qf1 exd4 33. Qxf4 Rf8 34. Qd2 c5 35.
Qd3 Kg7 36. b4 cxb4 37. Qxd4+ Qxd4 38. Rxd4 Rb8 39. Rd2 b3 40. Rb2 Kf6 41. Kf3
Ke5 42. Ke3 Rb4 43. Kd3 Rd4+ 44. Kc3 Rxe4 45. Rxb3 Rxa4 46. Rb7 Ra3+ 47. Kc4
Rxh3 48. Ra7 Kf4 49. Rxa6 Kxg4 0-1

[Event "Titled Tue 1st Jul Late"]
[Site "chess.com INT"]
[Date "2025.07.01"]
[Round "8"]
[White "Romany, Joy"]
[Black "Harriott, Tyrell"]
[Result "1-0"]
[WhiteTitle "WIM"]
[WhiteElo "1960"]
[BlackElo "1924"]
[WhiteFideId "10656820"]
[BlackFideId "2086484"]
[EventDate "2025.07.01"]

1. d4 e6 2. c4 d5 3. g3 f5 4. Bg2 c6 5. Nf3 Bd6 6. O-O Nf6 7. Nc3 O-O 8. c5 Bc7
9. b4 a6 10. a4 Nbd7 11. Bg5 Qe8 12. b5 e5 13. dxe5 Nxe5 14. bxc6 bxc6 15. Nd4
Ne4 16. Nxe4 fxe4 17. Bf4 Qh5 18. Bxe5 Bxe5 19. Rb1 Rf6 20. Rb6 Rh6 21. h4 Bd7
22. Nxc6 Rxc6 23. Qxd5+ Qf7 24. Bxe4 Bf6 25. Rxc6 Qxd5 26. Bxd5+ Kf8 27. Rxf6+
gxf6 28. Bxa8 Bxa4 29. c6 Ke7 30. Ra1 Bb5 31. Rd1 Bxc6 32. Bxc6 f5 33. Ba4 a5
34. Rd7+ Ke6 35. Rxh7 f4 36. gxf4 Kf5 37. e3 Kg4 38. Rg7+ Kh3 39. Bd7+ Kxh4 40.
Rg4+ 1-0

[Event "Titled Tue 1st Jul Late"]
[Site "chess.com INT"]
[Date "2025.07.01"]
[Round "8"]
[White "Karvatskyi, Oleksii"]
[Black "Gabrielian, Artur"]
[Result "0-1"]
[WhiteTitle "CM"]
[BlackTitle "GM"]
[WhiteElo "2258"]
[BlackElo "2419"]
[WhiteFideId "14191059"]
[BlackFideId "4131002"]
[EventDate "2025.07.01"]

1. Nc3 g6 2. d4 Bg7 3. e4 d6 4. Bg5 h6 5. Be3 c6 6. f3 b5 7. Qd2 Nd7 8. h4 h5 9.
Nh3 Nb6 10. a4 Bxh3 11. Rxh3 b4 12. Na2 a5 13. Nc1 Nf6 14. Nb3 O-O 15. Bd3 e5
16. dxe5 dxe5 17. Bh6 Qe7 18. Bxg7 Kxg7 19. Qe3 Nfd7 20. g4 hxg4 21. fxg4 Rh8
22. h5 Qf6 23. Nc5 Qf4 24. Nxd7 Qxe3+ 25. Rxe3 Nxd7 26. hxg6 Rh1+ 27. Bf1 fxg6
28. O-O-O Nf6 29. g5 Ng4 30. Rf3 Ra7 31. Bh3 Rxh3 32. Rxh3 Nf2 33. Rhd3 Nxd3+
34. Rxd3 Rf7 35. Rd6 Rf4 36. Rxc6 Rxe4 37. Rc7+ Kf8 38. Rc6 Kf7 39. Rf6+ Kg7 40.
Ra6 Rg4 41. Ra7+ Kf8 42. Rxa5 Rxg5 43. Rd5 Ke7 44. a5 Ke6 45. Rd1 e4 46. a6 Ra5
47. Rd4 Ke5 48. Rxb4 Rxa6 49. Kd2 Kf4 50. Rd4 g5 51. b4 g4 52. b5 Rh6 53. Rd8
Rf6 54. c4 Kf3 55. c5 e3+ 56. Kd3 Kf2 57. Re8 g3 58. Rxe3 Rf3 59. Rxf3+ Kxf3 60.
b6 g2 61. b7 g1=Q 62. b8=Q Qd1+ 63. Kc4 Qc2+ 64. Kd5 Qe4+ 65. Kd6 Qf4+ 66. Kd7
Qxb8 67. c6 Qb5 68. Kd6 Ke4 69. c7 Qe8 70. Kc5 Qc8 71. Kc6 Ke5 72. Kb6 Kd6 0-1